00563nam a22001697a 450000500170000001000150001702000240003203500130005603700130006908200110008224501410009326000390023427000460027330000280031950000190034770000270036620100814095637.0 aENG-100197 c1450.00a8184241550 aEN-83729 bDBAD/PUB a006.35 aProceeding of first Indian conference on computational intelligence and information security /bedited by G. S. R. Emil Selvan...[et.al] aNew DelhibAllied Publishersc2007 a1/13-14, Asaf Ali RoadbNew Delhie110002 axvi, 228 p. c24cm (Hb) aIncludes index aSelvan, G. S. R. Emil